000 00725nam a2200289Ia 4500
005 20260324133027.0
008 008 260324s9999 xx 000 0 eng d
020 _a9780203401057
037 _aEBOOK
040 _aCRL
040 _beng
040 _cCRL
041 _2eng
041 _aeng
084 _qCRL
100 _aCarolin Alfonso; Waltraud Kokot; Khachig Tölölyan
_91191522
245 0 _aDiaspora, Identity and Religion
245 0 _bNew Directions in Theory and Research
260 _bTaylor and Francis
260 _c2004
365 _a
365 _b230
856 _uhttp://www.taylorfrancis.com/books/9780203401057
942 _cEBOOK
999 _c1790183
_d1790183